000 00462nam a2200181Ia 4500
001 16008
005 20260306170238.0
008 260306t2018||||xx |||||||||||||| ||und||
041 _aESP
082 _a346.52
_bK13
100 _aKadner Graziano, Thomas
_eAUT
245 0 _aComparative tort law:
_bcases, materials, and exercises
260 _c2018
300 _axxix, 619 páginas :
_c25 cm.
650 _aGEN
654 _aCDE
942 _cLIB
_dJUS
_fJUS
_2ddc
_n
999 _c16008
_d16008